| 000 | 01068nam a22003137a 4500 | ||
|---|---|---|---|
| 001 | BR0003561 | ||
| 003 | BR-BrBNA | ||
| 005 | 20230928100733.0 | ||
| 007 | ta | ||
| 008 | 230509b bl.||||| |||| 00| 0 por d | ||
| 040 |
_aBR-BrBNA _bpor _cBiblioteca Nacional de Agricultura |
||
| 041 | _a(Por) | ||
| 072 |
_aF01 _b2120 |
||
| 090 | _ 2120 BR0003561 | ||
| 110 | 1 |
_aFederacao da Agricultura do Estado do Rio de Janeiro, Rio de Janeiro (Brasil) _94575 |
|
| 110 | 1 | _aServico de Apoio as Micro e Pequenas Empresas no Estado do Rio de Janeiro, Rio de Janeiro (Brasil) | |
| 245 | 1 | _aProgramna de modernizacao da cadeia agroindustrial do cafe: cafe no Estado do Rio de Janeiro; recomendacoes tecnicas para o plantio e tratos da lavoura cafeeira | |
| 260 | 3 |
_aRio de Janeiro, RJ (Brasil): _c1999. |
|
| 300 | _a51 p. | ||
| 500 | _a5 illus. | ||
| 650 | _aCafe | ||
| 650 | _aPratica Cultural | ||
| 650 | _aAdubacao | ||
| 650 | _aPraga de Planta | ||
| 650 | _aDoenca de Planta | ||
| 650 | _aRio de Janeiro | ||
| 909 |
_a202309 _bLucia _c55 _dLucia Elande |
||
| 942 | _cBK | ||
| 999 |
_c62563 _d62563 |
||